000 00239nam a22001097a 4500
008 140102t xxu||||| |||| 00| 0 eng d
020 _a9789693514964
100 _aBano Qudsiya
_9488
245 _aHasil Ghat
300 _a340
942 _2ddc
_cBK
999 _c16760
_d16760